000 00564nam a2200217Ia 4500
003 OSt
005 20221005133449.0
006 a|||||r|||| 00| 0
007 ta
008 221004b |||||||| |||| 00| 0 tam d
024 _a51348
037 _cTextual
040 _aCRL
_cCRL
_btam
041 _2tam
_atam
082 _aP31,Jx2,2, 31L6
100 _aAmitha chakaranar
_9642463
245 0 _aYaapparungalam viruthirurar
650 _aLINGUISTICS
942 _hP31,Jx2,2, 31L6
_cTEXL
_2cc
999 _c1066905
_d1066905